| 000 | 00394nam a22001457a 4500 | ||
|---|---|---|---|
| 008 | 250522b |||||||| |||| 00| 0 eng d | ||
| 020 | _a9781403931979 | ||
| 050 |
_aTP692.3 _b.M35 2007 |
||
| 100 | _aMall I.D | ||
| 245 | _aPetrochemical Process Technology | ||
| 260 |
_aNew Delhi _bMacmillan India Ltd _c2007 |
||
| 300 |
_axx, 586p. _billustration; |
||
| 650 | _aPetroleum Chemicals | ||
| 942 | _cBK | ||
| 999 |
_c3614 _d3614 |
||